000 004890000a22001690004500
041 0 _aENG
082 0 4 _aG 270 K463d
100 1 _aKidd, B. J. (1863-1948)
245 1 0 _aDocuments illustrative of the history of the church / B. J. Kidd
260 _aLondon, Great Britain : Society for Promoting Christian Knowledge
300 _a234 Pag
001 8206
942 _cBK
999 _c38396
_d38396
336 _atexto
_btxt
_2rdacontent
337 _2rdamedia
_asin mediación
_bn
338 _2rdacarrier
_avolumen
_bnc